01109nam a2200277Ia 4500008004100000020001800041050001600059050001800075100002600093245001600119245006100135245005200196260001500248260002200263260000900285300001600294300005200310300001100362440000600373500026000379650004700639650002800686650004000714650003300754650004400787161112s9999 xx 000 0 und d a962-258-229-X aREF DS 655  b.K37 1998 v.6 aGuerrero, Milagros C. 0aKasaysayan: 4bthe story of Filipino people : under stars and stripes / 0cMilagros C. Guerrero, John N. Schumacher, S. J. a[s. l. ] : bAsia Publishing,  c1998 a303 pages : billustrations (some color), maps (some color) ; c29 cm. v6 aIncludes bibliographical references and index. v. 1. The Philippine archipelago / Raymundo S. Punongbayan, Prescillano M. Zamora, Perry S. Ong -- v. 2. The Earliest Filipino / Fr. Gabriel S. Casal ... [et al.] -- v. 3. The Spanish conquest / Jose S. Arcil aPhilippines -- History -- Pictorial works. aPhilippines -- History. aPhilippines Description and Travel. xPhilippines -- Civilization. xPhilippines -- Politics and Government.